Statistiques concernant Tous les chemins mènent à Rome

Cliquez ici pour prendre le quiz!

Statistiques générales

  • Ce quiz a été pris 150 fois
  • Le résultat moyen est 12 sur 24

Statistiques - réponses

CouleurHintRéponse% Correct
BleuPays dirigé par Vladimir PoutineRussie
91%
RougeGuerre qui a vu s'opposer la Triple Entente et la Triple AllianceLa Première Guerre Mondiale
83%
RougeVille où s'est déroulée un des évenements déclencheurs de ce conflitSarajevo
78%
RougeCapitale de son jumeau de l'ouestRome
72%
Bleu
Capitale de celui-ci
Rome
68%
RougePays dont celle-ci faisait partie de 1918 à 1992Yougoslavie
67%
BleuPays ayant les plus longues côtes sur cette merItalie
64%
VertVille de ce dernier qui est la première à atteindre 1 million d'habitantsRome
61%
BleuFinaliste de celle-ciCroatie
59%
JauneVille d'origine de ce groupeRome
57%
JauneConcours de chanson international qui a débuté cette année-làEurovision
56%
RougePéninsule sur laquelle ce pays se situaitBalkans
52%
VertPrincipale république marchande d'Italie durant la RenaissanceVenise
51%
VertMarchand originaire de cette dernière qui est allé en ChineMarco Polo
50%
JauneChanteuse francophone connue pour "Laissez-moi danser"Dalida
48%
BleuMer qui baigne ce paysMer Adriatique
47%
Rouge
Empire qui controlait la majorité de cette zone de l'Antiquité au Moyen-Age
Empire Byzantin
45%
VertPays asiatique inconnu des européens que ce dernier est l'un des premiers à avoir mentionnéeJapon
44%
VertPays que celui-ci a vaincu durant la guerre de 1894-1895Chine
39%
JaunePays où sa famille s'est installée et où elle est néeEgypte
39%
BleuDernier grand évènement sportif international ayant eu lieu dans ce paysCoupe du monde de football 2018
25%
JauneNom du groupe vainqueur de l'édition 2021Måneskin
25%
JauneAnnée de la crise entre la France/Royaume uni et celui-ci au sujet d'une infrasctruture maritime.1956
24%
VertNom donné à l'Empire romain par les habitants de ce paysDa Qin
1%

Distribution des résultats

Percentile par nombre de réponses

% des personnes avec chaque résultat

Votre développement - résultats

Vous n’avez pas pris ce quiz